| 000 | 01165nam a2200301 i 4500 | ||
|---|---|---|---|
| 001 | 17824 | ||
| 003 | ES-MaACL | ||
| 005 | 20240324063001.0 | ||
| 007 | t| | ||
| 008 | 010530s1999 sp ||||1| spa d | ||
| 017 |
_aM 46369-1999 _bOficina Depósito Legal Madrid |
||
| 020 | _a847522802X | ||
| 040 | _cES-MaACL | ||
| 080 | _a640.43/.44(460.27 M.) | ||
| 100 | 1 |
_aGómez de la Serna, Ramón, _d1888-1963 _957901 _eaut |
|
| 245 | 1 | 3 |
_aLa sagrada cripta de Pombo : _b(tomo IIº, aunque independiente del Iº, pudiendo leerse el IIº sin contar con el Iº) / _cRamón Gómez de la Serna. |
| 260 |
_aMadrid : _bConsejería de Educación : _bVisor, _c[1999] |
||
| 300 |
_a846 páginas : _bilustraciones ; _c23 cm. |
||
| 490 | 1 |
_aLetras madrileñas contemporáneas ; _v2 |
|
| 610 | 2 | 4 |
_9173820 _aCafé Pombo (Madrid) |
| 650 | 4 |
_aCafés- _zMadrid _9151661 |
|
| 710 | 1 |
_aMadrid (Comunidad Autónoma). _bConsejería de Educación. _95600 _eedt |
|
| 830 | 0 |
_aLetras madrileñas contemporáneas ; _v2 _9180341 |
|
| 852 |
_aES-MaACL _bR.129965 _cDEPO2 _jL-24701 |
||
| 942 |
_cMONOGRAFIA _n0 |
||
| 999 |
_c17824 _d17824 |
||